| 000 | 00428nam a22001697a 4500 | ||
|---|---|---|---|
| 001 | T027600007444 | ||
| 008 | 181111b xve|||||r|||| 00| | esp d | ||
| 099 |
_aIVP-D-03978 _b |
||
| 100 | _aPNUD | ||
| 245 | _aInres-sur. Servicio de Orientación Informativa. | ||
| 260 | _a | ||
| 500 | _a | ||
| 650 | _aDesarrollo Social--Participación Comunitaria | ||
| 650 | _aDesarrollo Económico | ||
| 650 | _aEspañol. | ||
| 942 | _cLIB | ||
| 999 |
_c8572 _d8572 |
||